| 000 | 00502nam a2200169 i 4500 | ||
|---|---|---|---|
| 001 | 40446 | ||
| 003 | ES-MaACL | ||
| 005 | 20250930063044.0 | ||
| 007 | t| | ||
| 008 | 030306s1858 sp ||||1| spa d | ||
| 100 | 1 |
_aCarderera, Mariano, _d1816-1893 _935158 |
|
| 245 | 1 | 0 |
_aDiccionario de educación y métodos de enseñanza / _cMariano Carderera. |
| 260 |
_aMadrid : _b[s.n., _c1858] ( _fR. Campuzano) |
||
| 300 |
_a4 v. ; _c23 cm. |
||
| 852 |
_aES-MaACL _jC-2436-19 |
||
| 999 |
_c40446 _d40446 |
||